000 00555nam a2200229Ia 4500
003 OSt
005 20220924142257.0
006 a|||||r|||| 00| 0
007 ta
008 220923b |||||||| |||| 00| 0 ben d
024 _a301215
037 _cTextual
040 _aARTS
_cARTS
_bben
041 _2ben
_aben
082 _aV44Q72:2501N5, 157L9
100 _aArjun
245 0 _aAgnijuger itikatha
260 _c1979
650 _aHISTORY
942 _hV44Q72:2501N5, 157L9
_cTEXL
_2CC
999 _c450075
_d450075